Regulace procesu prosazování zájmů v Evropské unii. Lobbistické kodexy chování
Prehľad kódexov správania sa ako nástroja regulácie lobbingu v Európskej únii. Vymedzenie základných pojmov a definície. Možnosti regulácie lobingu. Kódexy v inštitúciách Európskej únie. Kódexy v členských krajinách EÚ.
Gespeichert in:
| 1. Verfasser: | |
|---|---|
| Weitere Verfasser: | |
| Format: | Buchkapitel |
| Sprache: | Tschechisch |
| Schlagworte: | |
| Tags: |
Keine Tags, Fügen Sie das erste Tag hinzu!
|
MARC
| LEADER | 00000naa a2200000 4500 | ||
|---|---|---|---|
| 001 | 0118014 | ||
| 005 | 20231016101114.5 | ||
| 041 | 0 | |a cze | |
| 044 | |a CZ | ||
| 245 | 1 | 0 | |a Regulace procesu prosazování zájmů v Evropské unii. Lobbistické kodexy chování |c Markéta Pitrová, Radana Kubová |
| 520 | |a Prehľad kódexov správania sa ako nástroja regulácie lobbingu v Európskej únii. Vymedzenie základných pojmov a definície. Možnosti regulácie lobingu. Kódexy v inštitúciách Európskej únie. Kódexy v členských krajinách EÚ. | ||
| 610 | 2 | 0 | |a lobizmus |
| 610 | 2 | 0 | |a regulácia |
| 610 | 2 | 0 | |a vzťahy medzinárodné |
| 610 | 2 | 0 | |a Európska únia |
| 610 | 2 | 0 | |a kódexy etické |
| 610 | 2 | 0 | |a záujmy ekonomické |
| 100 | 1 | |a Pitrová, Markéta | |
| 700 | 1 | |a Kubová, Radana | |